How to write an amazing IT resume : (Record no. 67)

MARC details
000 -LEADER
fixed length control field 00684nam a22002177a 4500
005 - DATE AND TIME OF LATEST TRANSACTION
control field 20250420134754.0
008 - FIXED-LENGTH DATA ELEMENTS--GENERAL INFORMATION
fixed length control field 191028b ||||| |||| 00| 0 eng d
020 ## - INTERNATIONAL STANDARD BOOK NUMBER
International Standard Book Number 9780999315804
040 ## - CATALOGING SOURCE
Transcribing agency DLB
Modifying agency DLB
082 ## - DEWEY DECIMAL CLASSIFICATION NUMBER
Classification number 808.06665
Item number Fe Ho
100 ## - MAIN ENTRY--PERSONAL NAME
Personal name Fendler, Baron
9 (RLIN) 282
245 ## - TITLE STATEMENT
Title How to write an amazing IT resume :
Remainder of title get the interview every time /
Statement of responsibility, etc. Baron Fendler
260 ## - PUBLICATION, DISTRIBUTION, ETC.
Place of publication, distribution, etc. [United States] :
Name of publisher, distributor, etc. Bizbooks Publishing,
Date of publication, distribution, etc. [2017] ©2017
300 ## - PHYSICAL DESCRIPTION
Extent 123 pages : i
Other physical details llustrations ;
Dimensions 24 cm
650 ## - SUBJECT ADDED ENTRY--TOPICAL TERM
Topical term or geographic name entry element Résumés (Employment).
9 (RLIN) 283
650 ## - SUBJECT ADDED ENTRY--TOPICAL TERM
Topical term or geographic name entry element Job hunting.
9 (RLIN) 284
650 ## - SUBJECT ADDED ENTRY--TOPICAL TERM
Topical term or geographic name entry element Information technology.
9 (RLIN) 285
650 ## - SUBJECT ADDED ENTRY--TOPICAL TERM
General subdivision Vocational guidance.
9 (RLIN) 288
942 ## - ADDED ENTRY ELEMENTS (KOHA)
Koha item type Book
942 ## - ADDED ENTRY ELEMENTS (KOHA)
Source of classification or shelving scheme Dewey Decimal Classification
Holdings
Withdrawn status Lost status Source of classification or shelving scheme Damaged status Not for loan Home library Current library Date acquired Cost, normal purchase price Total checkouts Full call number Barcode Date last seen Price effective from Koha item type
    Dewey Decimal Classification     KCST Library KCST Library 28/10/2019 3.99   808.066 Fe Ho 1000000077 28/10/2019 28/10/2019 Book
© 2025 KCST. All rights reserved